Supercopa de Espana - Statistics

General Stats
  • This quiz has been taken 244 times
  • The average score is 34 of 36
Answer Stats
Year Team % Correct
1983 FC Barcelona
100%
1991 FC Barcelona
100%
1992 FC Barcelona
100%
1994 FC Barcelona
100%
1996 FC Barcelona
100%
2005 FC Barcelona
100%
2006 FC Barcelona
100%
2009 FC Barcelona
100%
2010 FC Barcelona
100%
2011 FC Barcelona
100%
2013 FC Barcelona
100%
2016 FC Barcelona
100%
2018 FC Barcelona
100%
1988 Real Madrid
100%
1989 Real Madrid
100%
1990 Real Madrid
100%
1993 Real Madrid
100%
1997 Real Madrid
100%
2001 Real Madrid
100%
2003 Real Madrid
100%
2008 Real Madrid
100%
2012 Real Madrid
100%
2017 Real Madrid
100%
2019-20 Real Madrid
100%
1985 Atlético Madrid
97%
2014 Atlético Madrid
97%
1999 Valencia CF
95%
1984 Athletic Bilbao
93%
2015 Athletic Bilbao
93%
2007 Sevilla
92%
1982 Real Sociedad
77%
1995 RC Deportivo
73%
2000 RC Deportivo
73%
2002 RC Deportivo
73%
2004 Real Zaragoza
57%
1998 RCD Mallorca
51%
No matching quizzes found
Score Distribution
Percent of People with Each Score
Percentile by Number Answered
Your Score History
You have not taken this quiz